000 01919nam a22003137a 4500
999 _c2813
_d2813
006 m |o go|ad
007 cr |||||||||||
008 230630s2018 enkad|||o|||| 00| 0 eng d
020 _a9780429505294 (ebk)
040 _aKO
_beng
041 0 _aeng
044 _aenk
082 0 4 _223
_a623.87
111 2 0 _aInternational Conference on Marine Technology
_n (4th :
_d 2018 :
_cLisbon, Portugal)
245 1 0 _aProgress in Maritime Technology and Engineering :
_bProceedings of the 4th International Conference on Maritime Technology and Engineering (MARTECH 2018), May 7-9, 2018, Lisbon, Portugal
264 _aLondon :
_bCRC Press,
_c2018
300 _a1 online resource
504 _aBibliography, etc Includes bibliographical references and index.
520 _a"This proceedings volumeis a collection of papers presented at the 4th International Conference on Maritime Technology and Engineering (MARTECH 2018, Lisbon, Portugal,7-9 May2018). The MARTECH Conferences series evolved from biannual national conferences in Portugal, thus reflecting the internationalization of the maritime sector. The keynote lectures and the papers come from an international group of authors focused on different subjects in a variety of fields: Maritime Transportation, Energy Efficiency, Ships in Ports, Ship Hydrodynamics, Ship Structures, Ship Design, Ship Machinery, Shipyard Technology, Safety & Reliability, Fisheries, Oil & Gas, Marine Environment, Renewable Energy and Coastal Structures. This work will appeal to academics, engineers and professionals interested or involved in these fields."--Provided by publisher.
650 0 _aMarine engineering
650 0 _aTechnological innovations
700 _a Guedes Soares, Carlos,
_eedt
700 _aSantos, T. A.,
_eedt
856 4 0 _uhttp://www.taylorfrancis.com/books/9780429505294
904 _aRUDRA_R
905 _aR_RANJAN
942 _cEB